000
00248nam a22001097a 4500
008
170120b xxu||||| |||| 00| 0 eng d
020
_a
0803696043
041
_a
eng
080
_a
618.2
245
_a
NURSES AND FAMILIES
_c
WRIGHT, L.M
942
_2
udc
_c
BK
999
_c
3277
_d
3277